000 00895cam a2200265 a 4500
001 000018180
005 20200929165405.0
008 890901s1985 sp 000 d spa d
020 _a8420725897
040 _aDO-SdBNP
_bspa
_cBNPHU
082 _a862.3
_bC146vid
100 1 _aCalderón de la Barca, Pedro,
_d1600-1681.
_95547
245 1 3 _aLa vida es sueño /
_cP. Calderón de la Barca ; edición, introducción, notas, comentarios y apéndice Ana Suárez Miramón.
260 _aMadrid :
_bGrupo Anaya,
_c1985.
300 _a173 p. ;
_c17 cm.
490 1 _aBiblioteca didáctica Anaya
_v2
504 _aBibliografías: p. 172-173.
650 4 _aTeatro español
_93071
650 4 _aLiteratura española
_9632
700 1 _aSuárez Miramón, Ana,
_eed.
_939388
830 0 _aBiblioteca didáctica Anaya ;
_v2
_98965
910 _aCatalogación derivada
910 _aWM
049 _aBNGR
999 _c17701
_d17701